000 00583cam a22001697a 4500
008 180718b2000 xxu||||| |||| 00| 0 eng d
020 _a8170336333
082 _aF5x5433 P973
245 _aSocial and political movements: readings on Punjab
_cedited by Harish K. Puri and Paramjit S. Judge
260 _aJaipur
_bRawat
_c2000
300 _a407p.
650 _aPunjab (India) --Politics and government
650 _aPunjab (India) --Social conditions --History
650 _aSocial movements --India --Punjab --History
700 _aJudge, Paramjit S.
700 _aPuri, Harish K.
999 _c395311
_d395311